|
|
|
|
| LEADER |
00717nam a22001817a 4500 |
| 008 |
130925b xxu||||| |||| 00| 0 eng d |
| 999 |
|
|
|c 3617
|d 3617
|
| 020 |
|
|
|a 9788124015698
|
| 082 |
|
|
|a 523.1
|b NAI
|
| 100 |
|
|
|a നായര്, പി. കേശവന്
|
| 240 |
|
|
|a Prapancham
|
| 245 |
|
|
|a പ്രപഞ്ചം /
|c പി. കേശവന് നായര്
|
| 260 |
|
|
|a കോട്ടയം :
|b ഡി.സി. ബുക്സ്,
|c 2012.
|
| 300 |
|
|
|a 223p.
|
| 650 |
|
|
|a Science
|
| 700 |
|
|
|a Nair, P. Kesavan
|
| 942 |
|
|
|2 ddc
|c BK
|
| 952 |
|
|
|0 0
|1 0
|2 ddc
|4 0
|6 523_100000000000000_NAI
|7 0
|9 4318
|a MAIN
|b MAIN
|d 2013-09-25
|e D.C. Books, Kottayam
|g 130.00
|l 10
|m 1
|o 523.1 NAI
|p 4212
|r 2017-12-22
|s 2017-12-19
|w 2013-09-25
|y BK
|